La evaluación de valores y actitudes
সংরক্ষণ করুন:
| প্রধান লেখক: | |
|---|---|
| বিন্যাস: | গ্রন্থ |
| ভাষা: | স্প্যানিশ |
| প্রকাশিত: |
Madrid
Grupo Anaya
1999
|
| সংস্করন: | 4a. ed |
| মালা: | Hacer Reforma
|
| বিষয়গুলি: | |
| ট্যাগগুলো: |
ট্যাগ যুক্ত করুন
কোনো ট্যাগ নেই, প্রথমজন হিসাবে ট্যাগ করুন!
|
MARC
| LEADER | 00000cam a2200000 a 4500 | ||
|---|---|---|---|
| 001 | UCK0241 | ||
| 003 | CL-VaPUC | ||
| 008 | 040924e19990000SP |||||||||||||||||spa|d | ||
| 020 | |a 8420761524 | ||
| 082 | 0 | 4 | |a 370.114 |b BOL |2 21 |
| 100 | |a Bolívar Botía, Antonio |e author |9 420569 | ||
| 245 | 1 | 3 | |a La evaluación de valores y actitudes |
| 250 | |a 4a. ed | ||
| 300 | |a 216 p | ||
| 942 | |c BK | ||
| 945 | |d 20040924 00:00:00 |a cmena | ||
| 260 | |a Madrid |b Grupo Anaya |c 1999 | ||
| 650 | 0 | |a Educación moral |9 308319 | |
| 650 | 0 | |a Valores morales |9 310604 | |
| 650 | 0 | |a Filosofía de la educación |9 258384 | |
| 650 | 0 | |a Planificación de la educación |9 307333 | |
| 583 | |a last modification |c 20190507 08:41:48 |k Rodrigo Vera | ||
| 490 | 0 | |a Hacer Reforma | |
| 999 | |c 310729 |d 310727 | ||
| 952 | |0 0 |1 0 |4 0 |6 370_114000000000000_BOL_1999 |7 0 |8 A |9 379652 |a BIBEDU |b BIBEDU |d 2019-11-21 |i 4065360 |o 370.114 BOL 1999 |p 4065360 |r 2019-11-21 |w 2019-11-21 |y BK |k PAR | ||